000 00325pam a2200133a 44500
008 230405s2005 xxu||||| |||| 00| 0 eng d
041 _aENG
100 _aD.R. rora
245 _aMedical parasitology
260 _anew delhi
_bC.B.S Publishers & Distributers
_c2005
300 _a242
700 _aB. Arora
906 _a11827
999 _c302326
_d302326